000 00698nam a22002177a 4500
005 20240530110854.0
008 210929s2021 ua g 000 f ara d
017 _a2021/15963
_bمصر. دار الكتب
020 _a9789778461961
040 _aEG-CaGPL
_cEG-CaGPL
082 0 4 _221
_a813.03/
_bإ س
100 0 _aاميرة بهى الدين
245 1 0 _aسوناتا عزيزة /
_cاميرة بهى الدين
260 _aالقاهرة :
_bمؤسسة بنات الثقافة،
_c2021.
300 _a421 ص.؛
_c19 سم.
650 0 7 _2qrmak
_aالادب العربى
650 0 7 _2qrmak
_aالقصص العربية
651 _2qrmak
942 _2ddc
_cBK
999 _c66012
_d66012